000 00559pab a2200193 454500
008 180718b2017 xxu||||| |||| 00| 0 eng d
100 _aRamachandran, B. Bindu
245 _aSeafood kitchen: survival strategy of Kerala's fisherwomen in an uncertain economy
260 _c2017
300 _ap.199-205.
362 _aOct
650 _aMarine resources
650 _aFisherwomen
650 _aSAF - Kerala
650 _aSea fishing - India - Kerala
650 _aSea fishing
773 _aInternational Journal of Rural management
909 _a117062
999 _c117056
_d117056